Nemzetközi exlibris és kisgrafika kiállítás
| Format: | Book |
|---|---|
| Language: | English |
| PhysicalDescription: | 43 s. |
| Published: |
Budapest
Ernst Múzeum
1970
|
MARC
| LEADER | 00000nam a2200000 a 4500 | ||
|---|---|---|---|
| 001 | vtls008699768 | ||
| 003 | SK-MaSNL | ||
| 005 | 20260224043226.0 | ||
| 008 | 060511 000 0 eng | ||
| 040 | |a SNK |b slo |c SNK |e AACR2 | ||
| 245 | 1 | |a Nemzetközi exlibris és kisgrafika kiállítás | |
| 260 | |a Budapest |b Ernst Múzeum |c 1970 | ||
| 300 | |a 43 s. | ||
| 999 | |c 847876 |d 849806 | ||
| 952 | |a SNK |b SNK |y VYP |7 0 |p 17A0507484 |o snkID 77057 |i snkK 667/82 |0 0 |1 0 |4 0 |d 2006-05-11 |l 0 |r 2026-02-24 04:32:26 |w 2026-02-24 | ||


